000
00284nmm a2200097Ia 4500
008
220120s9999||||xx |||||||||||||||||und||
020
_a
0-07-052929
100
_a
Digit
245
0
_a
Digit-Dec : Adobe master collection C55.5, 800mb of short fi
260
_a
Nine dot nine interactive ltd.
999
_c
139710
_d
139710